000
00314nam a2200133Ia 4500
100
_a
Miller/I/ Freund/J.E
942
_c
BK
654
_a
Probability
245
_a
Probability and statistics for Engineers
260
_b
prentice hall
_a
New Delhi
_c
1987
082
_a
519
_b
MILL
300
_a
529
546
_a
ENGLISH
999
_c
32538
_d
32538